200 Best Comedy Series of All Tme - Statistics

General Stats
  • This quiz has been taken 2,081 times
  • The average score is 50 of 200
Answer Stats
Rank Starring TV Show % Correct
8 Courtney Cox Friends
94%
1 Jerry Seinfeld Seinfeld
92%
9 Ricky Gervais The Office (UK)
92%
6 Steve Carell The Office (US)
92%
3 Dan Castellaneta The Simpsons
81%
35 Neil Patrick Harris How I Met Your Mother
74%
82 Seth MacFarlane Family Guy
72%
4 Ted Danson Cheers
69%
50 Jim Parsons The Big Bang Theory
69%
2 Lucille Ball I Love Lucy
67%
57 Will Smith The Fresh Prince of Bel-Air
67%
34 Sofia Vergara Modern Family
66%
12 Amy Poehler Parks and Recreation
65%
15 Kelsey Grammer Frasier
64%
14 Matt Stone South Park
64%
38 Bill Cosby The Cosby Show
64%
25 Roseanne Barr Roseanne
63%
5 Alan Alda M*A*S*H
61%
63 Sarah Jessica Parker Sex and the City
59%
61 Betty White The Golden Girls
59%
200 Charlie Sheen Two and a Half Men
59%
11 Tina Fey 30 Rock
56%
73 Rowan Atkinson Mister Bean
56%
77 Ray Romano Everybody Loves Raymond
54%
49 Mila Kunis That '70s Show
54%
19 Jason Bateman Arrested Development
51%
30 Zach Braff Scrubs
51%
64 Andy Samberg Brooklyn Nine-Nine
50%
109 Henry Winkler Happy Days
49%
88 Frankie Muniz Malcolm in the Middle
49%
10 Julia Louis-Dreyfus Veep
49%
28 Joel McHale Community
48%
26 Mary Tyler Moore The Mary Tyler Moore Show
48%
23 Larry David Curb Your Enthusiasm
47%
110 Tim Allen Home Improvement
47%
16 John Cleese Fawlty Towers
45%
46 Dick Van Dyke The Dick Van Dyke Show
45%
155 Bob Saget Full House
44%
99 Robin Williams Mork & Mindy
42%
150 Zooey Deschanel New Girl
42%
37 Andy Griffith The Andy Griffith Show
42%
33 Rob McElhenney It's Always Sunny in Philadelphia
40%
62 Katey Sagal Married... with Children
40%
22 Kristen Bell The Good Place
39%
51 Debra Messing Will & Grace
39%
76 Billy West Futurama
38%
7 Judd Hirsch Taxi
38%
40 Carroll O'Connor All in the Family
36%
80 Chris Rock Everybody Hates Chris
35%
132 Kevin James The King of Queens
35%
176 Fran Drescher The Nanny
34%
65 Fred Savage The Wonder Years
34%
118 Michael J. Fox Family Ties
33%
148 Drew Carey The Drew Carey Show
33%
68 Lena Dunham Girls
32%
136 Mike Judge King of the Hill
32%
52 Rowan Atkinson The Black Adder
32%
18 Donald Glover Atlanta
30%
100 Phoebe Waller-Bridge Fleabag
29%
36 Jackie Gleason The Honeymooners
29%
144 H. Jon Benjamin Bob's Burgers
28%
90 Justin Roiland Rick and Morty
28%
191 Gary Coleman Diff'rent Strokes
27%
151 Tony Shalhoub Monk
27%
47 Bob Newhart Newhart
27%
93 Bernie Mac The Bernie Mac Show
27%
44 Bob Newhart The Bob Newhart Show
27%
174 Tony Danza Who's the Boss?
27%
143 Elizabeth Montgomery Bewitched
26%
85 Will Arnett Bojack Horseman
26%
170 Reginald VelJohnson Family Matters
26%
137 Kristen Johnson 3rd Rock from the Sun
25%
196 Mark-Paul Gosselaar Saved by the Bell
25%
32 Jennifer Saunders Absolutely Fabulous
24%
67 Martin Lawrence Martin
24%
98 Candice Bergen Murphy Brown
24%
171 Maureen McCormick The Brady Bunch
24%
103 Tracee Ellis Ross Black-ish
23%
117 Penny Marshall Laverne & Shirley
23%
149 Paul Reiser Mad About You
23%
48 Redd Foxx Sanford And Son
23%
146 Joyce DeWitt Three's Company
23%
158 Craig T. Nelson Coach
22%
172 Barbara Eden I Dream of Jeannie
22%
91 Anna Faris Mom
22%
78 Marla Gibbs The Jeffersons
22%
153 Ben Savage Boy Meets World
21%
130 Ricky Gervais Extras
21%
69 Linda Cardellini Freaks and Geeks
21%
112 Bob Denver Gilligan's Island
21%
120 Alan Thicke Growing Pains
21%
124 Beatrice Arthur Maude
21%
140 Jason Lee My Name is Earl
21%
102 H. Jon Benjamin Archer
20%
134 Nick Kroll Big Mouth
20%
41 Louis C.K. Louie
20%
97 Tony Randall The Odd Couple
20%
17 Ellie Kemper Unbreakable Kimmy Schmidt
20%
70 Bill Hader Barry
19%
141 Miranda Hart Miranda
19%
86 Harry Anderson Night Court
19%
21 Garry Shandling The Larry Sanders Show
19%
159 Patricia Heaton The Middle
19%
84 Dawn French The Vicar of Dibley
19%
111 Jimmie Walker Good Times
18%
183 Jerry Mathers Leave it to Beaver
18%
173 Fred Gwynne The Munsters
18%
127 Adrian Grenier Entourage
17%
101 Constance Wu Fresh Off the Boat
17%
156 Bob Crane Hogan's Heroes
17%
45 David Mitchell Peep Show
17%
166 John Astin The Addams Family
17%
24 Rachel Brosnahan The Marvelous Mrs. Maisel
17%
60 David Jason Only Fools and Horses
16%
79 Leslie Neilsen Police Squad!
16%
20 Thomas Middleditch Silicon Valley
16%
107 Gabe Kaplan Welcome Back, Kotter
16%
198 Iain Armitage Young Sheldon
16%
53 Dave Foley NewsRadio
15%
56 Simon Bird The Inbetweeners
15%
189 Dixie Carter Designing Women
14%
74 Aziz Ansari Master of None
14%
190 Lisa Welchel The Facts of Life
14%
31 Noel Fielding The Mighty Boosh
14%
188 Rik Mayall The Young Ones
14%
147 Don Adams Get Smart
13%
59 Patricia Routledge Keeping Up Appearances
13%
94 Katherine Helmond Soap
13%
108 Moe Howard The Three Stooges
13%
13 Gorden Kaye 'Allo, 'Allo!
12%
92 Hal Linden Barney Miller
12%
71 Alison Brie Glow
12%
138 Thomas Lennon Reno 911!
12%
145 Donna Douglas The Beverly Hillbillies
12%
133 Wendi McLendon-Covey The Goldbergs
12%
42 Mollie Sugden Are You Being Served?
11%
181 Craig Charles Red Dwarf
11%
83 Simon Pegg Spaced
11%
163 Will Forte The Last Man on Earth
11%
123 Phil Silvers The Phil Silvers Show
11%
27 Paul Eddington Yes, Minister
11%
182 Dylan Moran Black Books
10%
160 Dermot Morgan Father Ted
10%
54 Mathew Horne Gavin and Stacey
10%
95 Hugh Dennis Outnumbered
10%
81 Peter Capaldi The Thick of It
10%
106 Jeffrey Tambor Transparent
10%
55 Abbi Jacobson Broad City
9%
58 Bret McKenzie Flight of the Conchords
9%
175 Laura San Giacomo Just Shoot Me!
9%
178 Rob Morrow Northern Exposure
9%
122 Adam DeVine Workaholics
9%
185 Krysten Ritter Don't Trust the B---- in Apartment 23
8%
72 Issa Rae Insecure
8%
154 Queen Latifah Living Single
8%
39 Bud Abbott The Abbott and Costello Show
8%
165 Lisa Kudrow The Comeback
8%
125 Gary Sandy WKRP in Cincinnati
8%
128 Danny McBride Eastbound & Down
7%
187 John Daly Green Acres
7%
131 Paul Rust Love
7%
194 Danny McBride Vice Principals
7%
157 T.K. Carter A Different World
6%
168 Zach Galifianakis Baskets
6%
162 Tracy Grandstaff Daria
6%
29 Garry Shandling It's Garry Shandling's Show
6%
116 James Roday Rodriguez Psych
6%
66 Sharon Horgan Catastrophe
5%
193 Michaela Coel Chewing Gum
5%
43 Sarah Alexander Coupling
5%
184 Miranda Richardson Girlfriends (UK)
5%
195 Eliza Coupe Happy Endings
5%
126 Josh Charles Sports Night
5%
121 Louise Lasser Mary Hartman, Mary Hartman
4%
105 Lizzy Caplan Party Down
4%
75 Alia Shawkat Search Party
4%
199 Chris Lilley Summer Heights High
4%
180 Jerrod Carmichael The Carmichael Show
4%
119 Shawn Wayans The Wayans Bros.
4%
115 Aya Cash You're the Worst
4%
179 Geoffrey Palmer As Time Goes By
3%
129 Laura Dern Enlightened
3%
135 Chris Elliott Get a Life
3%
113 Minnie Driver Speechless
3%
197 Christopher McCulloch The Venture Bros.
3%
104 Jay Baruchel Undeclared
3%
164 Jennifer Jason Leigh Atypical
2%
139 Jay Harrington Better Off Ted
2%
96 Rob Sitch Frontline
2%
177 Jonathan Groff Looking
2%
114 Sharon Hogan Pulling
2%
87 Richard Roxburgh Rake
2%
186 Tia Mowry-Hardrict The Game
2%
161 Derek Jacobi Vicious
2%
192 Griffin Gluck American Vandal
1%
167 Alex Borstein Getting On
1%
142 Jane Turner Kath & Kim
1%
152 Jim Jefferies Legit
1%
89 Josh Thomas Please Like Me
1%
169 Mark Duplass Togetherness
1%
No matching quizzes found
Score Distribution
Percent of People with Each Score
Percentile by Number Answered
Your Score History
You have not taken this quiz